000 00536nam a22001697a 4500
003 NUST
038 _aNusrat Nadeem
082 _a200
100 _aAhmad, Jawad
_9119958
245 _aTransformer based approach for inappropriate content detection in Urdu /
_cJawad Ahmad
264 _aIslamabad
_bSEECS NUST
_c2023
300 _aill:
_b67,p:
_c30,cm.
650 _aMS-Information Technology
_926924
700 _aSupervisor: Dr Rabia Irfan
_996910
856 _u http://10.250.8.41:8080/xmlui/handle/123456789/38022
942 _2ddc
_cSC
999 _c607451
_d607451